|
|
|
|
| LEADER |
00000nam a2200000Ii 4500 |
| 001 |
DIGLCATRTA0015 |
| 003 |
NyNyDIG |
| 006 |
m o d |
| 007 |
cr ||||||||||| |
| 008 |
211130s2020 sp a ob 000 0 spa d |
| 035 |
|
|
|a (OCoLC)1287826579
|
| 040 |
|
|
|a DGITA
|b eng
|e rda
|e pn
|c DGITA
|
| 020 |
|
|
|a 9788413520346
|q eBook
|
| 020 |
|
|
|z 9788490979600
|
| 050 |
1 |
4 |
|a HV5822.C3 ebook
|
| 245 |
0 |
3 |
|a El reto del cannabis :
|b contexto internacional y modelos nacionales de regulación /
|c Araceli Manjón-Cabeza Olmeda (dir.) ; Carlos Brito Siso (coord.)
|
| 264 |
|
1 |
|a Madrid :
|b Catarata,
|c 2020.
|
| 300 |
|
|
|a 1 online resource :
|b illustrations.
|
| 336 |
|
|
|a text
|b txt
|2 rdacontent
|
| 337 |
|
|
|a computer
|b c
|2 rdamedia
|
| 338 |
|
|
|a online resource
|b cr
|2 rdacarrier
|
| 347 |
|
|
|a text file
|2 rdaft
|
| 347 |
|
|
|b EPUB
|
| 490 |
1 |
|
|a Colección Investigación y debate ;
|v 284
|
| 504 |
|
|
|a Includes bibliographical references.
|
| 588 |
0 |
|
|a Online resource; title from ePub title page (Digitalia, viewed November 30, 2021)
|
| 650 |
|
0 |
|a Cannabis
|
| 650 |
|
0 |
|a Hallucinogenic drugs
|x Law and legislation.
|
| 650 |
|
0 |
|a Drug legalization.
|
| 655 |
|
0 |
|a Electronic books.
|
| 700 |
1 |
|
|a Manjón-Cabeza Olmeda, Araceli,
|e editor.
|
| 700 |
1 |
|
|a Brito Siso, Carlos,
|e editor.
|
| 791 |
2 |
|
|a Digitalia (Firm),
|e distributor.
|
| 830 |
|
0 |
|a Colección Investigación y debate ;
|v 284.
|
| 793 |
0 |
|
|g Digitalia eBook Collection:
|a Los libros de la catarata
|
| 776 |
0 |
8 |
|i Print version:
|t Reto del cannabis.
|d Madrid : Catarata, 2020
|z 9788490979600
|
| 856 |
4 |
0 |
|u https://digitalia.uam.elogim.com/a/80820/
|z Texto completo
|
| 910 |
|
|
|a Premium collection: 2021
|